ICETA 2017 : proceedings, 15th IEEE International Conference on Emerging eLearning Technologies and Applications, October 26 - 27, 2017, Starý Smokovec, Slovakia

Salvato in:
Dettagli Bibliografici
Ente Autore: IEEE International Conference on Emerging eLearning Technologies and Applications Starý Smokovec, Slovakia (ICETA 2017)
Natura: Atti del Convegno Libro
Lingua:inglese
Pubblicazione: Danvers IEEE, 2017
Edizione:1. vyd.
Tags: Aggiungi Tag
Nessun Tag, puoi essere il primo ad aggiungerne!!

MARC

LEADER 00000nam a22000003a 4500
001 0027472
003 SK-STU
005 20171103082014.3
007 ta
008 171102s ----xo-----e------100-0-----d
020 |a 978-1-5386-3294-9 
040 |a STU  |b slo 
041 0 |a eng 
111 2 |a IEEE International Conference on Emerging eLearning Technologies and Applications  |n 15th  |d 26.-27.10.2017 :  |c Starý Smokovec, Slovakia.  |e ICETA 2017 
245 1 0 |a ICETA 2017 :  |h [elektronický zdroj] :  |b proceedings, 15th IEEE International Conference on Emerging eLearning Technologies and Applications, October 26 - 27, 2017, Starý Smokovec, Slovakia 
250 |a 1. vyd. 
260 |b IEEE,  |c 2017  |a Danvers 
300 |a 1 CD-ROM 
996 |b 284M084576  |c M* CD-2692  |l MMKN  |s A  |a 24  |w 0027472_0001 
996 |b 284M084578  |c M* CD-2693  |l MMKN  |s A  |a 24  |w 0027472_0002